000 00235 a2200085 4500
001 68968
090 _c38668
_d38668
245 _aLife of Muhammad; a translation of Ibn Ishaq's Sirat Rasul Allah
260 _aKarachi
_bOxford Universitry Press
_c2007
942 _aNUST-CAE
999 _c304041
_d304041